LEADER 02149nam 2200589 a 450 001 9910456635203321 005 20191030193401.0 010 $a1-282-47286-0 010 $a9786612472862 010 $a1-58465-814-2 035 $a(CKB)2430000000002931 035 $a(EBL)1084903 035 $a(OCoLC)646807096 035 $a(SSID)ssj0000433342 035 $a(PQKBManifestationID)11925621 035 $a(PQKBTitleCode)TC0000433342 035 $a(PQKBWorkID)10394467 035 $a(PQKB)11337541 035 $a(MiAaPQ)EBC1084903 035 $a(OCoLC)826515696 035 $a(MdBmJHUP)muse10038 035 $a(MiAaPQ)EBC1394278 035 $a(Au-PeEL)EBL1084903 035 $a(CaPaEBR)ebr10285418 035 $a(CaONFJC)MIL247286 035 $a(EXLCZ)992430000000002931 100 $a20080328d2008 uy 0 101 0 $aeng 135 $aur|n|---||||| 181 $ctxt 182 $cc 183 $acr 200 14$aThe art of the turnaround$b[electronic resource] $ecreating and maintaining healthy arts organizations /$fMichael M. Kaiser 210 $aHanover $cUniversity Press of New England$dc2008 215 $a1 online resource (202 p.) 300 $aIncludes index. 311 $a1-78135-104-X 311 $a1-58465-735-9 327 $aCONTENTS; Acknowledgments; Introduction; Art of the Turnaround: Ten Rules; CASE ONE : Kansas City Ballet (1985-1986); CASE TWO : Alvin Ailey Dance Theater Foundation (1991-1993); CASE THREE : American Ballet Theatre (1995-1998); CASE FOUR : Royal Opera House (1998-2000); CASE FIVE : The John F. Kennedy Center for the Performing Arts (2001-present); Conclusion; Index of Names 330 $aPractical advice (supported by extensive case studies) for fixing troubled arts organizations 606 $aPerforming arts$xManagement 608 $aElectronic books. 615 0$aPerforming arts$xManagement. 676 $a791/.068 700 $aKaiser$b Michael M$0971838 801 0$bMiAaPQ 801 1$bMiAaPQ 801 2$bMiAaPQ 906 $aBOOK 912 $a9910456635203321 996 $aThe art of the turnaround$92490387 997 $aUNINA LEADER 01564nam 2200433 450 001 996540319403316 005 20230908153116.0 010 $a9783748913641 024 7 $a10.5771/9783748913641 035 $a(CKB)5600000000596304 035 $a(NjHacI)995600000000596304 035 $a(EXLCZ)995600000000596304 100 $a20230712d2023 uy 0 101 0 $ager 135 $aur||||||||||| 181 $ctxt$2rdacontent 182 $cc$2rdamedia 183 $acr$2rdacarrier 200 00$aSettingbezogene Gesundheitsfo?rderung und Pra?vention in der digitalen Transformation$etransdisziplina?re Perspektiven$fChristoph Dockweiler, Anna Maria Stark, Joanna Albrecht, editors 205 $aErste Auflage 210 1$aBaden-Baden$cNomos Verlagsgesellschaft mbH & Co. KG$d2023 215 $a1 online resource (362 pages) 225 1 $aGesundheitsforschung-interdisziplina?re Perspektiven$vBand 5 311 $a3-8487-7388-0 410 0$aGesundheitsforschung-interdisziplina?re Perspektiven ;$vBand 5. 606 $aSocial medicine$vCongresses 606 $aHealth$xSocial aspects 615 0$aSocial medicine 615 0$aHealth$xSocial aspects. 676 $a362.1 701 $aDockweiler$b Christoph$f1981-$01423773 701 $aStark$b Anna Maria$01423774 701 $aAlbrecht$b Joanna$01423775 801 0$bNjHacI 801 1$bNjHacl 906 $aBOOK 912 $a996540319403316 996 $aSettingbezogene Gesundheitsfo?rderung und Pra?vention in der digitalen Transformation$93552207 997 $aUNISA